| Tag |
First Indicator |
Second Indicator |
Subfields |
| LEADER |
00000cam a22000008a 4500 |
| 001 |
in00004472957 |
| 005 |
20210818135055.0 |
| 008 |
890809s1990 enka b 00100 eng c |
| 010 |
|
|
|a 89022839
|
| 020 |
|
|
|a 0192616145 :
|c £40.00 (U.K. : est.) ($60.00 U.S.)
|
| 035 |
|
|
|a (OCoLC)20265070
|
| 035 |
|
|
|9 AAE2449MS
|
| 035 |
|
|
|z (UtOrBLW)13552
|
| 035 |
|
|
|a 24133
|
| 040 |
|
|
|a DNLM/DLC
|c DLC
|d TMV
|d UtOrBLW
|
| 049 |
|
|
|a TMVM
|c 1
|
| 050 |
0 |
0 |
|a RA1242.N5
|b N54 1990
|
| 060 |
|
0 |
|a QV 137 N6617
|
| 060 |
|
4 |
|a QV 137
|b N6617 1990
|
| 245 |
0 |
0 |
|a Nicotine psychopharmacology :
|b molecular, cellular, and behavioural aspects /
|c edited by S. Wonnacott, M.A.H. Russell, and I.P. Stolerman.
|
| 264 |
|
1 |
|a Oxford ;
|a New York :
|b Oxford University Press,
|c 1990.
|
| 300 |
|
|
|a xviii, 427 :
|b illustrations ;
|c 25 cm.
|
| 336 |
|
|
|a text
|2 rdacontent
|b txt
|
| 337 |
|
|
|a unmediated
|2 rdamedia
|
| 338 |
|
|
|a volume
|2 rdacarrier
|b nc
|
| 504 |
|
|
|a Includes bibliographical references and index.
|
| 650 |
|
2 |
|a Nicotine.
|
| 650 |
|
2 |
|a Psychopharmacology.
|
| 700 |
1 |
|
|a Wonnacott, S.
|q (Susan)
|
| 700 |
1 |
|
|a Russell, M. A. H.
|q (Michael Anthony Hamilton)
|
| 700 |
1 |
|
|a Stolerman, Ian P.
|
| 999 |
|
|
|a MARS
|
| 999 |
f |
f |
|s 10a49631-a590-301b-a64b-61c044b6e857
|i b8def92c-330b-3900-a609-5c1dc3f9a4a8
|t 0
|
| 952 |
f |
f |
|p ric
|a Texas A&M University
|b Rellis Campus
|c Joint Library Facility
|d Remote Storage
|t 0
|e QV 137 N6617 1990
|h National Library of Medicine classification
|i unmediated -- volume
|m 323890095865F
|
| 998 |
f |
f |
|a QV 137 N6617 1990
|t 0
|l Remote Storage
|